Wiedza ogólna - prawda czy fałsz? #5 - Statystyki

Ogólne statystyki
  • Ten quiz został rozwiązany 2 954 razy
  • Średni wynik to 11 z 15
Statystyki odpowiedzi
Zagadnienie Odpowiedź % Poprawnych
Mango rośnie na drzewach Prawda
93%
Nigdy nie odnotowano ani jednego przypadku zabicia człowieka przez wilki Fałsz
92%
Usain Bolt zdobył złoty medal olimpijski w skoku w dal Fałsz
86%
Meduza to rodzaj ryby Fałsz
83%
Koralowce to zwierzęta Prawda
79%
Gwiazdy futbolu Ronaldo i Cristiano Ronaldo dorastali, mówiąc tym samym językiem Prawda
76%
Jezus powiedział swoim naśladowcom, że płacenie podatków jest niewłaściwe Fałsz
73%
Talk to jest pierwiastek układu okresowego Fałsz
73%
Kajak to palindrom Prawda
73%
Małże olbrzymie to prawdziwe zwierzęta, które mogą osiągnąć wielkość ponad 1 metra Prawda
69%
Morze Śródziemne jest większe niż największe jezioro świata Prawda
61%
Twórca Bitcoina nie został ostatecznie zidentyfikowany Prawda
58%
Autorka kryminałów Agatha Christie została zamordowana, a zbrodnia nigdy nie została wyjaśniona Fałsz
56%
Hebrydy Zewnętrzne znajdują się w przestrzeni kosmicznej Fałsz
53%
Ocet balsamiczny ma swoją nazwę, ponieważ dojrzewa w beczkach z drewna balsamicznego Fałsz
48%
Nie znaleziono quizów pasujących do podanych kryteriów
Rozkład punktacji
Procent ludzi z każdym wynikiem
Percentyl według liczby udzielonych odpowiedzi
Twoja historia wyników
Nie rozwiązałeś tego quizu